UITU Library & LRC     

Architecting the Cloud: design decisions for cloud computing service models (SaaS, PaaS, and IaaS) (Record no. 13402)

MARC details
000 -LEADER
fixed length control field 00575nam a2200181Ia 4500
008 - FIXED-LENGTH DATA ELEMENTS--GENERAL INFORMATION
fixed length control field 240925s9999 xx 000 0 und d
020 ## - INTERNATIONAL STANDARD BOOK NUMBER
International Standard Book Number 9788126550333
082 ## - DEWEY DECIMAL CLASSIFICATION NUMBER
Classification number 004.6782 KAV
100 ## - MAIN ENTRY--PERSONAL NAME
Personal name Kavis, Michael J.
245 #0 - TITLE STATEMENT
Title Architecting the Cloud: design decisions for cloud computing service models (SaaS, PaaS, and IaaS)
250 ## - EDITION STATEMENT
Edition statement NA
260 ## - PUBLICATION, DISTRIBUTION, ETC.
Place of publication, distribution, etc. New Delhi:
Name of publisher, distributor, etc. John Wiley and Sons
Date of publication, distribution, etc. ,2014.
300 ## - PHYSICAL DESCRIPTION
Extent ix, 582p.
Other physical details 0
Type of unit Original
500 ## - GENERAL NOTE
General note Includes Index
600 ## - SUBJECT ADDED ENTRY--PERSONAL NAME
Personal name Computer Science
650 ## - SUBJECT ADDED ENTRY--TOPICAL TERM
Topical term or geographic name entry element Computer science, information & general works
942 ## - ADDED ENTRY ELEMENTS (KOHA)
Koha item type Books
Holdings
Withdrawn status Lost status Damaged status Not for loan Collection Home library Current library Date acquired Source of acquisition Cost, normal purchase price Total checkouts Full call number Barcode Date last seen Price effective from Koha item type
        Software Engineering UITU Library UITU Library 08/18/2016 Book World International 1025.00   004.6782 KAV Q10903 09/25/2024 09/25/2024 Books

Powered by Koha